My Greatest Fear - Benson Boone (All Lyrics) - Statistics

General Stats
  • This quiz has been taken 56 times
  • The average score is 204 of 279
Answer Stats
Answer % Correct
I
100%
a
96%
is
96%
Is
96%
my
96%
My
96%
the
96%
been
91%
fear
91%
greatest
91%
losing
91%
to
91%
you
91%
all
87%
I'm
87%
of
87%
Of
87%
on
87%
that
87%
go
83%
He
83%
I've
83%
lose
83%
me
83%
Oh
83%
oh
83%
afraid
78%
lot
78%
night
78%
no
78%
So
78%
thing
78%
things
78%
up
78%
your
78%
alone
74%
and
74%
And
74%
at
74%
gone
74%
Got
74%
here
74%
here?
74%
it
74%
mind
74%
there
74%
but
70%
But
70%
day
70%
die
70%
don't
70%
Don't
70%
empty
70%
if
70%
keeps
70%
lie
70%
life's
70%
space
70%
terrified
70%
you're
70%
You're
70%
better
65%
bones
65%
filling
65%
flowers
65%
have
65%
know
65%
now
65%
somehow
65%
waste
65%
where
65%
I'll
61%
in
61%
makes
61%
thinking
61%
tossing
61%
turning
61%
Just
57%
since
57%
We
57%
God
52%
Guess
52%
LA
52%
spoken
52%
talk
52%
used
52%
ain't
48%
early
48%
haven't
48%
he's
48%
May
48%
there's
48%
take
43%
get
39%
am
35%
another
35%
can
35%
halfway
35%
Like
35%
picture
35%
scared
35%
singing
35%
songs
35%
voice
35%
When
35%
about
30%
holding
30%
how
30%
paranoid
30%
way
30%
without
30%
you've
30%
could
26%
Who
26%
broken
22%
hand
22%
pieces
22%
together
22%
Cause
17%
fit
17%
dear
13%
reach
13%
would
13%
already
4%
back
4%
Pull
4%
leave
0%
No matching quizzes found
Score Distribution
Percent of People with Each Score
Percentile by Number Answered
Your Score History
You have not taken this quiz